书目信息 |
| 题名: |
四季养生保健全书
|
|
| 作者: | 刘克玲 著 | |
| 分册: | ||
| 出版信息: | 北京 北京出版社 2008.02 |
|
| 页数: | 100页 | |
| 开本: | 24cm | |
| 丛书名: | ||
| 单 册: | ||
| 中图分类: | R212 | |
| 科图分类: | ||
| 主题词: | 中医学:卫生学 | |
| 电子资源: | ||
| ISBN: | 978-7-200-07124-5 | |
| 000 | 00825 nam 000253 | |
| 001 | 0100010223 | |
| 005 | 20100803165113.21 | |
| 010 | @a978-7-200-07124-5@dCNY16.80 | |
| 100 | @a20100801d1997 em y0chiy0121 ea | |
| 101 | @achi | |
| 102 | @aCN@b110000 | |
| 105 | @ay z 000yy | |
| 200 | 10 | @a四季养生保健全书@Asi ji yang sheng bao jian quan shu@f刘克玲著@Fliu ke ling zhu |
| 210 | @a北京@c北京出版社@d2008.02 | |
| 215 | @a100页@d24cm | |
| 300 | @a汉竹·我爱健康系列 | |
| 330 | @a本书分别论述了四季的养生知识,每一个季节该吃什么,保养方法,该注意什么,预防流行病的发生,怎样锻炼,怎样进补等都做了详细的介绍。 | |
| 540 | @a四季养生保健全书 | |
| 606 | @a中医学:卫生学 | |
| 690 | @aR212@v4 | |
| 701 | 0 | @a刘克玲@Aliu ke ling@4著 |
| 801 | @aCN@bDYGS@c20100803 | |
| 901 | @a210902 | |
| 905 | @b971354-6@dR212@eL640@f3 | |
| 四季养生保健全书/刘克玲著.-北京:北京出版社,2008.02 |
| 100页;24cm |
| 汉竹·我爱健康系列 |
| ISBN 978-7-200-07124-5:CNY16.80 |
| 本书分别论述了四季的养生知识,每一个季节该吃什么,保养方法,该注意什么,预防流行病的发生,怎样锻炼,怎样进补等都做了详细的介绍。 |
| ● |
| 相关链接 |
|
|
|
正题名:四季养生保健全书
索取号:R212/L640
 
预约/预借
| 序号 | 登录号 | 条形码 | 馆藏地/架位号 | 状态 | 备注 |
| 1 | 971354 | 209713540 | 自科库401/401自科库 9排1列2层/ [索取号:R212/L640] | 在馆 | |
| 2 | 971355 | 209713559 | 自科二线504/110考试书库 2排2列2层/ [索取号:R212/L640] | 在馆 | |
| 3 | 971356 | 209713568 | 自科库401/401自科库 9排1列2层/ [索取号:R212/L640] | 在馆 |